000 01868nam a2200289 a 4500
008 120416s1987 ||||||||||||||||| || u
020 _a0871500175
050 _aQA 154.2 Kau
100 _aKaufmann, Jerome E
245 1 0 _aAlgebra for college students. (2nd ed.)
250 _a2nd ed.
260 _aBoston:
_bPrindle, Weber & Schmidt
_c1987
300 _axiii, 612p. (60) : ill.
350 _a0.00
500 _a23 copies in SB LIBRARY
650 0 _aALGEBRA
650 0 _aALGEBRAS, LINEAR
995 _aTEXTBOOKS (SB)
_D0.00
_e01488
_FCBU-SCHOOL TEXTBOOK COLLECTIONS
_H1
_I0.00
_jSCHOOL TEXTBOOK
_M6
_UAVAILABLE
_WSep 22, 2009
_y01488
_ZSchool Collections
995 _aSHORT LOAN BOOKS
_D0.00
_e723050
_FCBU-MAIN LIBRARY (Kitwe)
_H2
_I31.70
_jQA 154.2 Kau
_M2
_UAVAILABLE
_y011027
_ZShort Loan Collection
995 _aTEXTBOOKS (SB)
_D0.00
_e01489
_FCBU-SCHOOL TEXTBOOK COLLECTIONS
_H1
_I0.00
_jSCHOOL TEXTBOOK
_M7
_UAVAILABLE
_WSep 22, 2009
_y01489
_ZSchool Collections
995 _aTEXTBOOKS (SB)
_D0.00
_e01491
_FCBU-SCHOOL TEXTBOOK COLLECTIONS
_H1
_I0.00
_jSCHOOL TEXTBOOK
_M9
_UAVAILABLE
_WSep 22, 2009
_y01491
_ZSchool Collections
995 _aTEXTBOOKS (SB)
_D0.00
_e01487
_FCBU-SCHOOL TEXTBOOK COLLECTIONS
_H1
_I0.00
_jSCHOOL TEXTBOOK
_M5
_UAVAILABLE
_WSep 22, 2009
_y01487
_ZSchool Collections
995 _aMAIN LIBRARY OPEN ACCESS
_D0.00
_e723051
_FCBU-MAIN LIBRARY (Kitwe)
_H1
_I31.70
_jQA 154.2 Kau
_M4
_ULOST
_y723051
_ZMain Library Open Access Collection
995 _aTEXTBOOKS (SB)
_D0.00
_e01490
_FCBU-SCHOOL TEXTBOOK COLLECTIONS
_H1
_I0.00
_jSCHOOL TEXTBOOK
_M8
_UAVAILABLE
_WSep 22, 2009
_y01490
_ZSchool Collections
995 _aSHORT LOAN BOOKS
_D0.00
_e723048
_FCBU-MAIN LIBRARY (Kitwe)
_H4
_I31.70
_jQA 154.2 Kau
_M1
_UAVAILABLE
_y011026
_ZShort Loan Collection
995 _aSHORT LOAN BOOKS
_D0.00
_e723049
_FCBU-MAIN LIBRARY (Kitwe)
_H3
_I31.70
_jQA 154.2 Kau
_M3
_UAVAILABLE
_y011028
_ZShort Loan Collection
999 _c83884
_d83884